00968nam a22003017a 4500001001000000003000900010005001700019007000300036008003400039040005400073041001000127072001400137090001900151110009100170110005300261245003800314260003700352300001100389650001100400650001200411650001000423650001200433650000900445909003600454942000700490999001700497952015200514BR7907145BR-BrBNA20230928090235.0ta230509b bl.||||| |||| 00| 0 por d aBR-BrBNAbporcBiblioteca Nacional de Agricultura a(Por) aL00b5217  5217 BR79071451 aUniversidade Estadual Paulista Julio de Mesquita Filho, Sao Paulo, SP (Brasil);9107041 aSociedade Brasileira de Zootecnia, Aracatuba, SP1 aAnais do encontro sobre bubalinas3 aAracatuba, SP (Brasil): c1979.  a234 p. aBUFALO aCRIACAO aABATE aCARCACA aRACA a202309bLuciac55dLucia Elande cBK c28150d28150 002AGRIS40708AGROBASEa41918b41918l0o 5217 BR7907145p5217 BR7907145r2023-09-25t01yBK10d2023-09-25ePortaria Interministerial nÂș 164/94